LEADER 01304nam a2200337 a 4500 001 000000141083 003 CaOOAMICUS 005 20150112120421.0 008 150112s2014 it u000 u ita r 020 $a978-88-14-16199-5 040 $aPUL$bita 100 1 $aSaracini, Eugenio.$0(OLS)http://pul/name/29849 245 13$aIl contratto d'agenzia /$cEugenio Saracini, Franco Toffoletto. 250 $a4. ed. 260 $aMilano :$bGiuffrè,$c2014. 300 $aXXIV, 640 p. ;$c25 cm 490 1 $aIl Codice civile.$aCommentario 500 $aContiene indici. 505 0 $aArtt. 1742-1753. 650 4$aContratti.$0(OLS)http://pul/subject/3380 650 4$aLavoro.$0(OLS)http://pul/subject/7145 700 1 $aToffoletto, Franco.$0(OLS)http://pul/name/30093 830 3$aIl Codice civile.$pCommentario.$0(OLS)http://pul/title/53143 850 $aPUL 852 $aPUL$W1$xSL Diritto e Scienze Sociali 3$y79$m300 A 1.1742.2$j162852$qDDC 21$B162560$CPULBib$Z2$F162560 $H125224 $82 941 1 $a9 960 $aDiritto contrattuale$93380 996 $6020$a978-88-14-16199-5$9(OLS)http://pul/number/156653 996 $6245$aIl contratto d'agenzia$9(OLS)http://pul/title/55055 996 $6260$aMilano :$bGiuffrè$9(OLS)http://pul/publisher/48401 LEADER 01247nam a2200337 u 4500 001 000000061926 003 CaOOAMICUS 005 20070226121058.0 008 010917s1988 it u000 u ita u 020 $a839912231 035 $a10903079 040 $aPUL(R)$bita 041 1 $aita$hfre 100 1 $aLaurentin, René,$csac.,$d1917-2017.$0(OLS)http://pul/name/9494 245 10$aBreve mariologia /$cRené Laurentin. 260 $aBrescia :$bQueriniana,$cc1988. 300 $a58 p. ;$c21 cm 490 1 $aUniversale teologica ;$v23 500 $aEstratto da "Iniziazione alla pratica della teologia", vol 3. 504 $aBibliografia p. 51-58. 600 04$aMaria Virgo,$cs.$0(OLS)http://pul/subject/500 830 0$aUniversale teologica ;$v23.$0(OLS)http://pul/title/41284 850 $aPUL 852 $aPUL$W1$xSL Religione 1$y3$m66 F 86$j80605$nBK-PRI$b $qStampati$B80605$CPULBib$Z2$F80605 $H $81 941 1 $a8 960 $aMariologia$9500 960 $aMariologia$9500 961 $aINV: 59566 996 $6020$a839912231$9(OLS)http://pul/number/80240 996 $6245$aBreve mariologia$9(OLS)http://pul/title/82651 996 $6260$aBrescia :$bQueriniana$9(OLS)http://pul/publisher/47906